Щелкунчик: музыка П. И. Чайковского

Бібліографічні деталі
Автор: Слонимский Ю.
Інші автори: Бухштейн В. С. (редактор)
Мова:Російська
Опубліковано: Ленинград, Издание Лен. Гос. Акад. Театра Оперы и Балета им. С. М. Кирова, 1934
Редагування:2-е изд.
Предмети:
Формат: MixedMaterials Книга
KOHA link:https://koha.lib.tpu.ru/cgi-bin/koha/opac-detail.pl?biblionumber=350524

MARC

LEADER 00000nam0a2200000 4500
001 350524
005 20231102010318.0
035 |a (RuTPU)RU\TPU\retro\4647 
035 |a RU\TPU\retro\4586 
090 |a 350524 
100 |a 20190206d1934 m y0rusy50 ca 
101 0 |a rus 
102 |a RU 
105 |a a z 001zy 
200 1 |a Щелкунчик  |e музыка П. И. Чайковского  |f Ю. Слонимский  |g под ред. В. С. Бухштейна 
205 |a 2-е изд. 
210 |a Ленинград  |c Издание Лен. Гос. Акад. Театра Оперы и Балета им. С. М. Кирова  |d 1934 
215 |a 24 с. 
316 |5 63413507: 153//112  |a На титульном листе штамп-экслибрис: "Обязательный экземпляр Сиб. Науч. Технич. Библиотеки" 
320 |a Библиогр. в тексте 
606 1 |a Спектакли балетные  |2 stltpush  |3 (RuTPU)RU\TPU\subj\55751  |9 73726 
610 1 |a театральные программы 
610 1 |a артисты 
610 1 |a сценарии 
610 1 |a действия 
610 1 |a балетное творчество 
610 1 |a хореография 
610 1 |a 19 век 
610 1 |a 20 век 
675 |a 792.8  |v 3 
700 1 |a Слонимский  |b Ю. 
702 1 |a Бухштейн  |b В. С.  |4 340 
801 1 |a RU  |b 63413507  |c 20190204 
801 2 |a RU  |b 63413507  |c 20190212  |g RCR 
942 |c BK